Normal view
MARC view
- الدعوة الاسلامية- الحسنات والسيئات- الوعظ والارشاد
Entry Topical Term
001 - CONTROL NUMBER
- control field: 37783
003 - CONTROL NUMBER IDENTIFIER
- control field: JO-AjAnu
005 - DATE AND TIME OF LATEST TRANSACTION
- control field: 20230606080310.0
008 - FIXED-LENGTH DATA ELEMENTS
- fixed length control field: 230606|| aca||aabn | a|a d
040 ## - CATALOGING SOURCE
- Original cataloging agency: JO-AjAnu
- Transcribing agency: JO-AjAnu
150 ## - HEADING--TOPICAL TERM
- Topical term or geographic name entry element: الدعوة الاسلامية- الحسنات والسيئات- الوعظ والارشاد
670 ## - SOURCE DATA FOUND
- Source citation: Work cat.: (JO-AjAnu)19386: الصواف، محمد محمود, author 37782, أثر الذنوب في هدم الأمم والشعوب